000 00751nam a22002297a 4500
005 20150219114007.0
008 140714b xxu||||| |||| 00| 0 Urdu d
010 _aUR-8630
020 _c150.00
020 _c9789350733493
035 _aU-7185
037 _bDBAD/Pub.
040 _aDPL
_bUrdu
082 _aک
100 _aا عظم ا نصا ری
245 _aپر يم چند کے نما يند ہ ا فسا نے
_cا عظم ا نصا ری
246 _arem Chand ke Numainda Dalit Afsane
_bby Azam Ansari
260 _aد ھلی
_bEducational Publishing House
_c2014
270 _a3108,Vakeel Street,Kucha Pandit,Lal Kuan
_b.Delhi
_e110006
300 _a216ص
_c22Cm (Hb)
942 _2ddc
_cUR
_e
_h840.0355
_mا ن ص
999 _c91556
_d91556